000 00260nam a2200109Ia 4500
008 190216s9999||||xx |||||||||||||| ||und||
100 _aSuseela N
245 0 _aHindi-Veera Durga Das
260 _bKamadev Mahila Bindu Prakashan
650 _aHindi
942 _cBK
999 _c15292
_d15292